Billie Eilish HTE - Sudden Death - Statistics

General Stats
  • This quiz has been taken 63 times
  • The average score is 12 of 16
Answers on the Grid
Answers color-coded by a green-red scale on the quiz's grid according to % correct below.
Everybody Dies
Therefore I Am
bad guy
Billie Bossa Nova
idontwannabeyouanymore
ilomilo
my future
Not My Responsibility
watch
COPYCAT
Getting Older
WILDFLOWER
NDA
Oxytocin
THE GREATEST
xanny
I Didn't Change My Number
ocean eyes
Halley's Comet
listen before i go
Male Fantasy
i love you
Your Power
Lost Cause
CHIHIRO
OverHeated
my strange addiction
hostage
GOLDWING
Happier Than Ever
 
Answer Stats
Answer % Correct
Therefore I Am
96%
Billie Bossa Nova
84%
Getting Older
80%
my future
80%
Everybody Dies
78%
I Didn't Change My Number
78%
NDA
78%
Not My Responsibility
78%
GOLDWING
76%
Your Power
76%
Happier Than Ever
74%
Lost Cause
74%
Oxytocin
74%
Halley's Comet
72%
Male Fantasy
72%
OverHeated
72%
No matching quizzes found
Score Distribution
Percent of People with Each Score
Percentile by Number Answered
Your Score History
You have not taken this quiz